Title Character or Not? Quiz Stats

 Plays Quiz Updated May 9, 2020

Support Sporcle.
Go Orange.
Score 0/30 Timer 04:00
3 Plays Today
Hint Answer % Correct
9???
93.6%
Live-Action Movies???
92.8%
Animated Movies???
91.7%
18???
86.8%
22???
86.7%
12???
85.3%
26???
82.8%
23???
81%
Books???
78.7%
25???
76.2%
TV Shows???
74.8%
13???
74.3%
20???
74.2%
16???
66.7%
Game Franchises???
66.7%
Hint Answer % Correct
27???
65.1%
30???
64.7%
14???
61.7%
17???
61.1%
Musicals???
60.5%
10???
59.4%
24???
59%
11???
58.2%
29???
53.4%
15???
49.3%
8???
49%
19???
48.4%
21???
48.1%
28???
38.2%
7???
34.5%

You're not logged in!

Compare scores with friends on all Sporcle quizzes.
OR
Log In

From the Vault

Bodies of Water

by CCCP

When tempted to fight fire with fire, remember that the Fire Department usually uses water.
Remove Ads.
Support Sporcle.
Get the best of Sporcle when you Go Orange. This ad-free experience offers more features, more stats, and more fun while also helping to support Sporcle. Thank you for becoming a member.

Show Comments

Extras

Top Quizzes Today


Score Distribution

Your Account Isn't Verified!

In order to create a playlist on Sporcle, you need to verify the email address you used during registration. Go to your Sporcle Settings to finish the process.

Report this User

Report this user for behavior that violates our Community Guidelines.

Details: